02029cam a2200421 i 45000010009000000050017000090080041000260100017000670200042000840400028001260410013001540420008001670430030001750500025002050820017002301000049002472400032002962450144003282640085004723000028005573360026005853370028006113380027006394900041006665040067007075050356007746500036011306500040011666500035012066500047012416510045012886510050013336510052013839060045014359420012014809990019014929520096015112015816720250319111825.0171130s2018 enk b 001 0 eng  a 2017057547 a9781108482714 (hardback : alk. paper) aDLCbengcDLCerdadDLC1 aenghfre apcc ae-fr---an-us---acl-----00aK487.P65bG3613 201800a340.115bGAR1 aGarcía Villegas, Mauricioeauthor.912848810aPouvoirs du droit.lEnglish14aThe powers of law :ba comparative analysis of sociopolitical legal studies /cMauricio García Villegas, National University of Colombia. 1aCambridge, United Kingdom ;aNew York, NY :bCambridge University Press,c[2018] axi, 219 pages ;c24 cm. atextbtxt2rdacontent aunmediatedbn2rdamedia avolumebnc2rdacarrier0 aCambridge studies in law and society aIncludes bibliographical references (pages 162-211) and index.0 aA sociopolitical understanding of law -- The symbolic uses of law : at the heart of a political sociology of law -- Legal fields and the social sciences in France and the United States -- Sociopolitical legal studies in the United States -- Sociopolitical legal studies in France -- Conclusion : the present and future of sociopolitical legal studies. 0aLawxPolitical aspects.9128489 0aSociological jurisprudence.9128438 0aPower (Social sciences)911467 0aEffectiveness and validity of law.9128490 0aFrancexPolitics and government.9128491 0aUnited StatesxPolitics and government.98166 0aLatin AmericaxPolitics and government.9128492 a7bcbccorignewd1eecipf20gy-gencatlg 2ddccBK c613437d613437 00102ddc4070aNLSbNLSd2025-03-19l0o340.115 GARpNLS-1535r2025-03-19w2025-03-19yBK